10 Paesi più piovosi al mondo - Statistics

Statistiche generali
  • Questo quiz è stato fatto 42 volte
  • Il punteggio medio è 7 su 10
Statistiche sulle risposte
Continente Paese % Corretto
America del Sud Colombia
95%
Asia Indonesia
92%
Oceania Isole Salomone
81%
Asia Malesia
81%
Oceania Papua Nuova Guinea
78%
Oceania Samoa
78%
America Centrale Costa Rica
73%
America Centrale Panama
73%
Asia Brunei
59%
Africa São Tomé e Príncipe
35%
Nessun quiz corrispondente trovato
Distribuzione punteggi
Percentuale di utenti per punteggio
Percentile per numero di risposta
I tuoi punteggi nel tempo
Non hai fatto questo quiz